000 00277nam a2200109Ia 4500
008 200302s9999 xx 000 0 und d
100 _aMaria Christina Gozzoli
245 _aHow to Recognize Bothic art
260 _bMacdonald Educational Ltd.
260 _c1978
300 _a64 P.,
999 _c2354
_d2354